Slovenská literárna veda o Milovi Urbanovi

Bibliographic Details
Main Author: Žemberová, Viera, 1948- (Author)
Format: Article
Language:Slovak
ISBN:80-7090-322-8
Subjects:

MARC

LEADER 00000nab a2200000 ar4500
001 vtls008412484
003 SK-MaSNL
005 20260305022040.0
008 250505c1995 xo |r|p|||||||100 b|slo
015 |a SNBRB2005/11  |2 snkbucl 
035 |a urn:nbn:sk:snk-ab81xx 
035 |a (urnnbn)urn:nbn:sk:snk:ar-00630e 
035 |a (uuid)0b486352-d1fc-4823-845b-44e7ab66041a 
038 |a SNKBUCL 
040 |a SNKBUCL  |b slo  |c SNKBUCL  |e AACR2 
041 0 |a slo 
044 |a xo  |c SK 
080 |a 82:929:821.162.4  |2 1981 
080 |a 929 Urban, Milo  |2 1981 
080 |a 929:821.162.4  |2 1981 
080 |a 821.162.4  |2 1981 
100 1 |a Žemberová, Viera,  |d 1948-  |4 aut  |9 99575 
245 1 0 |a Slovenská literárna veda o Milovi Urbanovi  |c Viera Žemberová 
504 |a Bibliogr. odkazy 
600 1 7 |a Urban, Milo,  |d 1904-1982  |2 snkbucl  |9 104908 
650 0 7 |a literárna veda  |2 snkbucl  |9 1137 
773 0 |t Biografické štúdie 22  |d Martin : Matica slovenská, 1995  |g S. 147-154  |z 80-7090-322-8 
850 |a Slovenská národná knižnica 
852 |a Slovenská národná knižnica 
954 |a odborná, vedecká literatúra cudzojazyčná (svetová)  |2 lita 
958 |a article9 
958 |a OND 
958 |a BX 
958 |a NB 
958 |a LX 
958 |a EUIPO 
999 |c 3288821  |d 3290751